Psalms and willows. (Record no. 12673)

000 -LEADER
fixed length control field 00537nam a2200181 a 4500
001 - CONTROL NUMBER
control field :::00010487$&:&@@
003 - CONTROL NUMBER IDENTIFIER
control field OkBaRHE
005 - DATE AND TIME OF LATEST TRANSACTION
control field 20000607103359.0
008 - FIXED-LENGTH DATA ELEMENTS--GENERAL INFORMATION
fixed length control field s1941 j 000 0 eng u
040 ## - CATALOGING SOURCE
Transcribing agency
100 1# - MAIN ENTRY--PERSONAL NAME
Personal name Lockyer, Herbert.
245 10 - TITLE STATEMENT
Title Psalms and willows.
260 ## - PUBLICATION, DISTRIBUTION, ETC. (IMPRINT)
Place of publication, distribution, etc Grand Rapids, MI., :
Name of publisher, distributor, etc Zondervan Publishing House
Date of publication, distribution, etc c1941
300 ## - PHYSICAL DESCRIPTION
Extent 20 p. ;
Dimensions 15 cm.
650 ## - SUBJECT ADDED ENTRY--TOPICAL TERM
Topical term or geographic name as entry element Christian Life
942 ## - ADDED ENTRY ELEMENTS (KOHA)
Source of classification or shelving scheme
Koha item type Books
Copies
Not for loan Koha item type Copy number Source of classification or shelving scheme Shelving location Price effective from Full call number Damaged status Date last seen Date acquired Withdrawn status Barcode Lost status Permanent Location
 Books1 General Stacks2010-04-14BV 4501 .L6 2010-04-142010-04-14 10487 RHEMA Bible Training College